The epistle to the Galatians: (Record no. 442)

000 -LEADER
fixed length control field 00751nam a2200205 a 4500
001 - CONTROL NUMBER
control field :::00013596$&:&@@
003 - CONTROL NUMBER IDENTIFIER
control field OkBaRHE
005 - DATE AND TIME OF LATEST TRANSACTION
control field 20100324120909.0
008 - FIXED-LENGTH DATA ELEMENTS--GENERAL INFORMATION
fixed length control field s1982 j 000 0 eng u
020 ## - INTERNATIONAL STANDARD BOOK NUMBER
International Standard Book Number 0802823874
040 ## - CATALOGING SOURCE
Transcribing agency
100 1# - MAIN ENTRY--PERSONAL NAME
Personal name Bruce, F. F. (Frederick Fyvie), 1910-
245 14 - TITLE STATEMENT
Title The epistle to the Galatians:
Remainder of title a commentary on the Greek text.
260 ## - PUBLICATION, DISTRIBUTION, ETC. (IMPRINT)
Place of publication, distribution, etc Grand Rapids, MI., :
Name of publisher, distributor, etc William B. Eerdmans Publishing Company
Date of publication, distribution, etc 1982
300 ## - PHYSICAL DESCRIPTION
Extent 305 p. ;
Dimensions 24 cm.
490 0# - SERIES STATEMENT
Series statement The new international Greek testament commentary.
650 ## - SUBJECT ADDED ENTRY--TOPICAL TERM
Topical term or geographic name as entry element Bible New Testament Galatians
General subdivision Commentaries
942 ## - ADDED ENTRY ELEMENTS (KOHA)
Source of classification or shelving scheme
Koha item type Books
Copies
Source of classification or shelving scheme Withdrawn status Not for loan Copy number Price effective from Permanent Location Date last seen Full call number Date acquired Koha item type Collection code Shelving location Lost status Damaged status Barcode
   12010-04-14RHEMA Bible Training College2018-04-03BS 2685.3 .B75 19822010-04-14BooksReferenceGeneral Stacks  13596